[Event "Werner-Ott-Open Kreuzberger Sommer 2018"]
[Site "Berlin"]
[Date "2018.07.04"]
[Round "5.1"]
[White "Stern, Rene"]
[Black "Kather, Yannick"]
[Result "1-0"]
[WhiteElo "2510"]
[BlackElo "2053"]
[PlyCount "61"]
[EventDate "2018.06.30"]
[EventType "swiss"]
[EventRounds "9"]
[EventCountry "GER"]
[SourceTitle "WOOKS_2018_R5"]
[SourceDate "2018.07.04"]
[SourceVersion "1"]
[SourceVersionDate "2018.07.04"]
[SourceQuality "1"]
[WhiteTeam "SK Koenig Tegel 1949"]
[BlackTeam "SC Weisse Dame"]
[WhiteTeamCountry "GER"]
[BlackTeamCountry "GER"]

1. Nf3 Nf6 2. c4 g6 3. Nc3 d5 4. e3 Bg7 5. Qb3 dxc4 6. Bxc4 e6 7. d4 O-O 8. O-O
Nbd7 9. Rd1 Nb6 10. Be2 Nbd5 11. Bd2 b6 12. Na4 Bd7 13. Ne5 Ne4 14. Nxd7 Qxd7
15. Be1 a6 16. Rac1 b5 17. Nc5 Nxc5 18. Rxc5 Rfd8 19. Rdc1 Bf8 20. Rc6 Bd6 21.
Bf3 Ne7 22. R6c2 Rab8 23. Bb4 Rdc8 24. g3 Kg7 25. Qa3 Bxb4 26. Qxb4 c6 27. Rc5
a5 28. Qxa5 Ra8 29. Qc3 Rxa2 30. d5+ f6 31. dxc6 1-0

[Event "Werner-Ott-Open Kreuzberger Sommer 2018"]
[Site "Berlin"]
[Date "2018.07.04"]
[Round "5.2"]
[White "Radovanovic, Jovica"]
[Black "Ahmadinia, Ebrahim"]
[Result "1/2-1/2"]
[WhiteElo "2311"]
[BlackElo "2415"]
[PlyCount "75"]
[EventDate "2018.06.30"]
[EventType "swiss"]
[EventRounds "9"]
[EventCountry "GER"]
[SourceTitle "WOOKS_2018_R5"]
[SourceDate "2018.07.04"]
[SourceVersion "1"]
[SourceVersionDate "2018.07.04"]
[SourceQuality "1"]
[BlackTeam "SF Berlin 1903"]
[BlackTeamCountry "GER"]

1. d4 Nf6 2. Nf3 g6 3. c4 Bg7 4. g3 O-O 5. Bg2 d6 6. O-O Nc6 7. Nc3 a6 8. h3
Bd7 9. e4 e5 10. dxe5 Nxe5 11. Nxe5 dxe5 12. Be3 Qe7 13. Qc2 Rfd8 14. Rad1 c6
15. Na4 Be6 16. Bc5 Qe8 17. Rxd8 Rxd8 18. Bb6 Rd6 19. Nc5 Bc8 20. Rd1 Rxd1+ 21.
Qxd1 Nd7 22. Nxd7 Qxd7 23. Qxd7 Bxd7 24. Kf1 Be6 25. b3 Kf8 26. Ke2 Ke7 27. Kd3
h5 28. h4 Kd7 29. a4 Bf8 30. Be3 Bb4 31. Bf3 b5 32. axb5 cxb5 33. cxb5 axb5 34.
Bd1 Kc6 35. Ba7 Bc5 36. Bxc5 Kxc5 37. Kc3 b4+ 38. Kd3 1/2-1/2

[Event "Werner-Ott-Open Kreuzberger Sommer 2018"]
[Site "Berlin"]
[Date "2018.07.04"]
[Round "5.3"]
[White "Wierzbicki, Jirawat"]
[Black "Rehberg, Raphael"]
[Result "1-0"]
[WhiteElo "2161"]
[BlackElo "2279"]
[PlyCount "91"]
[EventDate "2018.06.30"]
[EventType "swiss"]
[EventRounds "9"]
[EventCountry "GER"]
[SourceTitle "WOOKS_2018_R5"]
[SourceDate "2018.07.04"]
[SourceVersion "1"]
[SourceVersionDate "2018.07.04"]
[SourceQuality "1"]
[WhiteTeam "SK Koenig Tegel 1949"]
[BlackTeam "SG Lok Brandenburg"]
[WhiteTeamCountry "GER"]
[BlackTeamCountry "GER"]

1. e4 c5 2. c3 Nf6 3. e5 Nd5 4. d4 e6 5. Nf3 cxd4 6. cxd4 b6 7. Bc4 Bb7 8. O-O
Be7 9. Bxd5 Bxd5 10. Nc3 Bb7 11. d5 exd5 12. Nxd5 O-O 13. Bf4 Na6 14. Nxe7+
Qxe7 15. Nd4 Qh4 16. Bg3 Qe4 17. f3 Qe3+ 18. Kh1 Nc5 19. Nf5 Qd3 20. Qxd3 Nxd3
21. Rfd1 Ba6 22. Rd2 Rae8 23. f4 f6 24. Nd6 Rb8 25. exf6 Rxf6 26. f5 Rbf8 27.
Rad1 Nb4 28. Be5 Rxf5 29. Nxf5 Rxf5 30. Bc3 Nxa2 31. Rxd7 Nxc3 32. bxc3 Be2 33.
Re1 a5 34. Kg1 Bc4 35. Re8+ Rf8 36. Rxf8+ Kxf8 37. Ra7 h5 38. Kf2 g6 39. Ke3
Ke8 40. Kd4 Bf1 41. g3 Kd8 42. Rg7 b5 43. Rxg6 a4 44. Kc5 Bc4 45. Kb4 Kd7 46.
Rg5 1-0

[Event "Werner-Ott-Open Kreuzberger Sommer 2018"]
[Site "Berlin"]
[Date "2018.07.04"]
[Round "5.4"]
[White "Malek, Daniel"]
[Black "Heerde, Thomas"]
[Result "1-0"]
[WhiteElo "2383"]
[BlackElo "2010"]
[PlyCount "73"]
[EventDate "2018.06.30"]
[EventType "swiss"]
[EventRounds "9"]
[EventCountry "GER"]
[SourceTitle "WOOKS_2018_R5"]
[SourceDate "2018.07.04"]
[SourceVersion "1"]
[SourceVersionDate "2018.07.04"]
[SourceQuality "1"]
[WhiteTeam "SK Zehlendorf"]
[BlackTeam "SC Weisse Dame"]
[WhiteTeamCountry "GER"]
[BlackTeamCountry "GER"]

1. c4 Nf6 2. Nc3 g6 3. d4 Bg7 4. e4 O-O 5. Be2 d6 6. Be3 Na6 7. Nf3 e5 8. O-O
Ng4 9. Bg5 f6 10. Bh4 Qe8 11. h3 Nh6 12. a3 Kh8 13. Re1 g5 14. Bg3 g4 15. hxg4
Bxg4 16. Qd2 Qh5 17. Rad1 Rae8 18. b4 f5 19. dxe5 dxe5 20. exf5 e4 21. Nd4 Rd8
22. Qe3 Rxd4 23. Rxd4 Nxf5 24. Qxe4 Bxe2 25. Nxe2 Re8 26. Nf4 Bxd4 27. Qxe8+
Qxe8 28. Rxe8+ Kg7 29. Ne6+ Kf6 30. Nxd4 Nxd4 31. Be5+ Kf7 32. Rh8 Nc2 33.
Rxh7+ Kg6 34. Rg7+ Kh6 35. b5 Nc5 36. Rxc7 Nd3 37. Bd6 1-0

[Event "Werner-Ott-Open Kreuzberger Sommer 2018"]
[Site "Berlin"]
[Date "2018.07.04"]
[Round "5.5"]
[White "Schulz, Olaf"]
[Black "Von Herman, Ulf"]
[Result "0-1"]
[WhiteElo "2019"]
[BlackElo "2354"]
[PlyCount "57"]
[EventDate "2018.06.30"]
[EventType "swiss"]
[EventRounds "9"]
[EventCountry "GER"]
[SourceTitle "WOOKS_2018_R5"]
[SourceDate "2018.07.04"]
[SourceVersion "1"]
[SourceVersionDate "2018.07.04"]
[SourceQuality "1"]
[BlackTeam "SK Koenig Tegel 1949"]
[BlackTeamCountry "GER"]

1. d4 g6 2. c4 Bg7 3. Nc3 d6 4. e4 Nf6 5. f4 O-O 6. Nf3 c5 7. Be2 cxd4 8. Nxd4
Nc6 9. Be3 Bd7 10. O-O Nxd4 11. Bxd4 Bc6 12. Bf3 Nd7 13. Bxg7 Kxg7 14. Qd4+ Kg8
15. Nd5 a5 16. Rad1 e5 17. fxe5 dxe5 18. Qe3 Bxd5 19. Rxd5 Qc7 20. Bg4 f5 21.
Bxf5 gxf5 22. Qg5+ Kh8 23. Qe7 Rad8 24. exf5 Rfe8 25. Qf7 Qb6+ 26. Kh1 Nf6 27.
Rb5 Qc6 28. Rxb7 Rg8 29. Rg1 0-1

[Event "Werner-Ott-Open Kreuzberger Sommer 2018"]
[Site "Berlin"]
[Date "2018.07.04"]
[Round "5.6"]
[White "Werner, Dimo"]
[Black "Hacker, Jonas"]
[Result "0-1"]
[WhiteElo "2012"]
[BlackElo "2291"]
[PlyCount "66"]
[EventDate "2018.06.30"]
[EventType "swiss"]
[EventRounds "9"]
[EventCountry "GER"]
[SourceTitle "WOOKS_2018_R5"]
[SourceDate "2018.07.04"]
[SourceVersion "1"]
[SourceVersionDate "2018.07.04"]
[SourceQuality "1"]
[WhiteTeam "TSV Schott Mainz"]
[BlackTeam "SC Eppingen"]
[WhiteTeamCountry "GER"]
[BlackTeamCountry "GER"]

1. d4 Nf6 2. c4 e6 3. Nf3 d5 4. Nc3 Bb4 5. Bg5 dxc4 6. e3 b5 7. Be2 Bb7 8. O-O
a6 9. a4 Nbd7 10. axb5 Bxc3 11. bxc3 axb5 12. Rb1 Ra5 13. Nd2 Qa8 14. Bxf6 Nxf6
15. Bf3 Bxf3 16. gxf3 O-O 17. Rb2 Qd5 18. Qb1 Qh5 19. Kh1 c6 20. Rg1 Nd5 21.
Qc1 Rfa8 22. Rg3 Ra1 23. Rb1 R1a3 24. Qg1 Qh6 25. Ne4 Nxc3 26. Nxc3 Rxc3 27. f4
Rca3 28. h3 g6 29. Kh2 Qh5 30. Rg5 Qf3 31. Rg3 Qe4 32. Rc1 Ra2 33. Rg5 Qf3 0-1

[Event "Werner-Ott-Open Kreuzberger Sommer 2018"]
[Site "Berlin"]
[Date "2018.07.04"]
[Round "5.7"]
[White "Buttkus, Andre"]
[Black "Kohler, Thomas"]
[Result "0-1"]
[WhiteElo "2004"]
[BlackElo "2147"]
[PlyCount "72"]
[EventDate "2018.06.30"]
[EventType "swiss"]
[EventRounds "9"]
[EventCountry "GER"]
[SourceTitle "WOOKS_2018_R5"]
[SourceDate "2018.07.04"]
[SourceVersion "1"]
[SourceVersionDate "2018.07.04"]
[SourceQuality "1"]
[WhiteTeam "SK Tempelhof 1931"]
[BlackTeam "SC Zitadelle Spandau 1977"]
[WhiteTeamCountry "GER"]
[BlackTeamCountry "GER"]

1. d4 Nf6 2. c4 g6 3. Nc3 Bg7 4. e4 d6 5. f3 O-O 6. Bg5 c5 7. d5 e6 8. Qd2 exd5
9. cxd5 a6 10. a4 Re8 11. Nge2 Nbd7 12. Ng3 Qa5 13. Ra3 h5 14. Be2 Nh7 15. Be3
h4 16. Nf1 Ne5 17. h3 f5 18. Nh2 Nf7 19. O-O Nf6 20. Bf2 fxe4 21. Bxh4 e3 22.
Qc1 Qb4 23. g4 Bd7 24. Bg3 b5 25. Qc2 bxa4 26. Bd3 Ne5 27. Bxe5 Rxe5 28. f4 Re7
29. Bxg6 e2 30. Nxe2 Nxd5 31. Qd1 Bc6 32. Rff3 Qxb2 33. Ng3 Bd4+ 34. Kh1 Ne3
35. Raxe3 Rxe3 36. Nf5 Re2 0-1

[Event "Werner-Ott-Open Kreuzberger Sommer 2018"]
[Site "Berlin"]
[Date "2018.07.04"]
[Round "5.8"]
[White "Federau, Juergen"]
[Black "Krueger, Robin Kevin"]
[Result "1/2-1/2"]
[WhiteElo "2127"]
[BlackElo "1942"]
[PlyCount "191"]
[EventDate "2018.06.30"]
[EventType "swiss"]
[EventRounds "9"]
[EventCountry "GER"]
[SourceTitle "WOOKS_2018_R5"]
[SourceDate "2018.07.04"]
[SourceVersion "1"]
[SourceVersionDate "2018.07.04"]
[SourceQuality "1"]
[WhiteTeam "SC Kreuzberg"]
[BlackTeam "MTV Tostedt"]
[WhiteTeamCountry "GER"]
[BlackTeamCountry "GER"]

1. d4 d5 2. c4 e6 3. Nc3 c5 4. cxd5 exd5 5. Nf3 Nc6 6. g3 Nf6 7. Bg2 Be7 8. O-O
O-O 9. dxc5 Bxc5 10. Na4 Be7 11. Be3 Re8 12. Rc1 Bg4 13. Nc5 Qb6 14. Nb3 Qa6
15. a3 Rad8 16. Re1 Ne4 17. h3 Bf5 18. Nbd4 Nxd4 19. Bxd4 Bf6 20. e3 h6 21. Qb3
Re7 22. Qd1 Ree8 23. Qe2 Qa5 24. Red1 Rc8 25. Bxf6 Nxf6 26. Nd4 Be4 27. Qb5
Qxb5 28. Nxb5 Bxg2 29. Kxg2 a6 30. Nd6 Rxc1 31. Rxc1 Re7 32. Rc8+ Kh7 33. Nf5
Rd7 34. Kf3 Ne4 35. Ke2 g6 36. Nd4 Kg7 37. g4 Nd6 38. Rc2 Nc4 39. a4 Nd6 40. f3
Re7 41. b3 Kf6 42. Rc5 Ke5 43. f4+ Kf6 44. Rxd5 Ne4 45. Rd8 Nc3+ 46. Kf3 Ne4
47. h4 Nd2+ 48. Ke2 Ne4 49. g5+ Kg7 50. Rc8 Ng3+ 51. Kf2 Ne4+ 52. Kf3 Nd2+ 53.
Ke2 Ne4 54. Rc2 Ng3+ 55. Kf2 Ne4+ 56. Kf3 Nd6 57. a5 Ne4 58. b4 Nd6 59. Ke2 Ne4
60. Kd3 Nd6 61. Rb2 Rc7 62. Rc2 Re7 63. Rh2 Rd7 64. Ke2 Rc7 65. Kf3 Rc4 66. Rb2
h5 67. b5 axb5 68. Nxb5 Nf5 69. Nd4 Nxd4+ 70. exd4 Rxd4 71. Rxb7 Ra4 72. Rb5
Kf8 73. Rb8+ Ke7 74. Ra8 Ke6 75. Ra6+ Ke7 76. Ke3 Kf8 77. Ra8+ Ke7 78. Ra6 Kf8
79. Ra7 Ke8 80. a6 Kf8 81. Ra8+ Kg7 82. Kf3 Kh7 83. Ke3 Kg7 84. a7 Kh7 85. Kd3
Kg7 86. Kc3 Kh7 87. Kb3 Ra5 88. Kb4 Ra6 89. Kb5 Ra1 90. Kb6 Rb1+ 91. Ka6 Ra1+
92. Kb7 Rb1+ 93. Kc7 Ra1 94. Kd6 Kg7 95. Ke5 Ra5+ 96. Ke4 1/2-1/2

[Event "Werner-Ott-Open Kreuzberger Sommer 2018"]
[Site "Berlin"]
[Date "2018.07.04"]
[Round "5.9"]
[White "Jaeger, Andre"]
[Black "Krefenstein, Sergej"]
[Result "1/2-1/2"]
[WhiteElo "1922"]
[BlackElo "2119"]
[PlyCount "77"]
[EventDate "2018.06.30"]
[EventType "swiss"]
[EventRounds "9"]
[EventCountry "GER"]
[SourceTitle "WOOKS_2018_R5"]
[SourceDate "2018.07.04"]
[SourceVersion "1"]
[SourceVersionDate "2018.07.04"]
[SourceQuality "1"]
[WhiteTeam "SC Rochade"]
[BlackTeam "TuS Makkabi Berlin"]
[WhiteTeamCountry "GER"]
[BlackTeamCountry "GER"]

1. d4 Nf6 2. c4 g6 3. g3 Bg7 4. Bg2 d6 5. Nc3 O-O 6. Nf3 Nc6 7. O-O a6 8. d5
Na5 9. b3 c5 10. dxc6 Nxc6 11. Bb2 Bd7 12. Qd2 Qa5 13. Nd5 Qxd2 14. Nxd2 Nxd5
15. Bxg7 Kxg7 16. cxd5 Nd4 17. e3 Ne2+ 18. Kh1 Rac8 19. Rfe1 Rc2 20. Nc4 Nc3
21. Nb6 Bb5 22. a4 Bd3 23. Rec1 Ne4 24. Rxc2 Bxc2 25. Rc1 Bd3 26. f3 Nf6 27.
Rc7 Re8 28. Kg1 e6 29. dxe6 Rxe6 30. Kf2 d5 31. Rxb7 Rc6 32. g4 Rc2+ 33. Kg3
Re2 34. Bf1 Rxe3 35. Bxd3 Rxd3 36. Nd7 Nxd7 37. Rxd7 Rxb3 38. Rxd5 Rb6 39. g5
1/2-1/2

[Event "Werner-Ott-Open Kreuzberger Sommer 2018"]
[Site "Berlin"]
[Date "2018.07.04"]
[Round "5.10"]
[White "Sommaro, Katja"]
[Black "Dittrich, Tom"]
[Result "1-0"]
[WhiteElo "2087"]
[BlackElo "1931"]
[PlyCount "77"]
[EventDate "2018.06.30"]
[EventType "swiss"]
[EventRounds "9"]
[EventCountry "GER"]
[SourceTitle "WOOKS_2018_R5"]
[SourceDate "2018.07.04"]
[SourceVersion "1"]
[SourceVersionDate "2018.07.04"]
[SourceQuality "1"]
[WhiteTeam "SV Berolina Mitte"]
[BlackTeam "SG Stadtilm"]
[WhiteTeamCountry "GER"]
[BlackTeamCountry "GER"]

1. c4 Nf6 2. Nc3 g6 3. g3 Bg7 4. Bg2 O-O 5. Nf3 d6 6. O-O Nc6 7. d3 e5 8. Rb1
a5 9. a3 h6 10. h3 Be6 11. Nd2 Qc8 12. Kh2 Nd7 13. b4 axb4 14. axb4 Ne7 15. Nd5
Bxd5 16. cxd5 f5 17. f4 Nf6 18. Qb3 Qd7 19. fxe5 Nh5 20. e6 Qb5 21. Bb2 Nf6 22.
e4 Ra4 23. Qc4 Qb6 24. Bd4 Ng4+ 25. hxg4 Bxd4 26. gxf5 gxf5 27. Nf3 Bg7 28. Nh4
f4 29. gxf4 Bf6 30. Qb3 Qa7 31. Qd1 Ra2 32. Qh5 Kh7 33. Nf5 Nxf5 34. Qxf5+ Kg7
35. Qg4+ Kh7 36. Rf3 Rxg2+ 37. Qxg2 Bh4 38. Rg1 Bg3+ 39. Rxg3 1-0

[Event "Werner-Ott-Open Kreuzberger Sommer 2018"]
[Site "Berlin"]
[Date "2018.07.04"]
[Round "5.11"]
[White "Schulz, Hartmut"]
[Black "Bui, Bao Anh Le"]
[Result "0-1"]
[WhiteElo "2080"]
[BlackElo "1883"]
[PlyCount "72"]
[EventDate "2018.06.30"]
[EventType "swiss"]
[EventRounds "9"]
[EventCountry "GER"]
[SourceTitle "WOOKS_2018_R5"]
[SourceDate "2018.07.04"]
[SourceVersion "1"]
[SourceVersionDate "2018.07.04"]
[SourceQuality "1"]
[WhiteTeam "SC Rochade"]
[BlackTeam "SV Mattnetz Berlin"]
[WhiteTeamCountry "GER"]
[BlackTeamCountry "GER"]

1. d4 d5 2. c4 e6 3. Nf3 c6 4. e3 Nf6 5. Nc3 Nbd7 6. Bd3 dxc4 7. Bxc4 b5 8. Bd3
Bb7 9. O-O a6 10. Qe2 c5 11. dxc5 Nxc5 12. Bc2 Qc7 13. e4 b4 14. e5 bxc3 15.
exf6 gxf6 16. bxc3 Bd6 17. h3 Qc6 18. Ba3 Rg8 19. Kh1 O-O-O 20. Rfd1 Rg5 21.
Bxc5 Rxc5 22. Rd4 f5 23. Ba4 Qc7 24. Rad1 e5 25. R4d2 Rxc3 26. Nxe5 Rxh3+ 27.
Kg1 Rg8 28. Bc6 Bxc6 29. Qxa6+ Bb7 30. Qxd6 Qxd6 31. Rxd6 Bxg2 32. Rd8+ Rxd8
33. Rxd8+ Kxd8 34. Kxg2 Ra3 35. Nxf7+ Ke7 36. Ng5 h6 0-1

[Event "Werner-Ott-Open Kreuzberger Sommer 2018"]
[Site "Berlin"]
[Date "2018.07.04"]
[Round "5.12"]
[White "Gebigke, Martin"]
[Black "Namestnikov, Boris"]
[Result "1-0"]
[WhiteElo "2050"]
[BlackElo "1890"]
[PlyCount "81"]
[EventDate "2018.06.30"]
[EventType "swiss"]
[EventRounds "9"]
[EventCountry "GER"]
[SourceTitle "WOOKS_2018_R5"]
[SourceDate "2018.07.04"]
[SourceVersion "1"]
[SourceVersionDate "2018.07.04"]
[SourceQuality "1"]
[WhiteTeam "SC Kreuzberg"]
[BlackTeam "SK Zehlendorf"]
[WhiteTeamCountry "GER"]
[BlackTeamCountry "GER"]

1. d4 d5 2. c4 c6 3. Nf3 Nf6 4. Nc3 e6 5. e3 Nbd7 6. Bd3 dxc4 7. Bxc4 b5 8. Bd3
Bb7 9. O-O a6 10. e4 c5 11. d5 Qc7 12. Bc2 Bd6 13. dxe6 fxe6 14. Ng5 Nf8 15. f4
O-O-O 16. Qe2 e5 17. f5 h6 18. Nh3 Be7 19. Kh1 N8h7 20. Nf2 Nd7 21. a4 b4 22.
Nd5 Bxd5 23. exd5 Kb7 24. Bd3 a5 25. Be3 Nhf6 26. Rac1 Nxd5 27. Be4 N7f6 28.
Bxc5 Bxc5 29. Nd3 Nxe4 30. Qxe4 Qf7 31. Rxc5 Rhe8 32. Rfc1 Qd7 33. Rxa5 Kb6 34.
Rb5+ Ka7 35. h3 Nf6 36. Qe3+ Qd4 37. Rc7+ Ka8 38. Qc1 Rd6 39. Rc8+ Rxc8 40.
Qxc8+ Ka7 41. Qb7# 1-0

[Event "Werner-Ott-Open Kreuzberger Sommer 2018"]
[Site "Berlin"]
[Date "2018.07.04"]
[Round "5.13"]
[White "Gelman, Josef"]
[Black "Kirchhof, Arno"]
[Result "1/2-1/2"]
[WhiteElo "1989"]
[BlackElo "2041"]
[PlyCount "35"]
[EventDate "2018.06.30"]
[EventType "swiss"]
[EventRounds "9"]
[EventCountry "GER"]
[SourceTitle "WOOKS_2018_R5"]
[SourceDate "2018.07.04"]
[SourceVersion "1"]
[SourceVersionDate "2018.07.04"]
[SourceQuality "1"]
[WhiteTeam "SC Weisse Dame"]
[BlackTeam "SC Zugzwang 95"]
[WhiteTeamCountry "GER"]
[BlackTeamCountry "GER"]

1. d4 d5 2. Nf3 Nf6 3. Bg5 e6 4. e3 Nbd7 5. Nbd2 c5 6. c3 Qc7 7. Bd3 Bd6 8. O-O
b6 9. e4 dxe4 10. Nxe4 Nxe4 11. Bxe4 Bb7 12. dxc5 Bxc5 13. Bf4 Qxf4 14. Bxb7
Rd8 15. b4 Qc7 16. Be4 Bd6 17. Qc2 h6 18. Rad1 1/2-1/2

[Event "Werner-Ott-Open Kreuzberger Sommer 2018"]
[Site "Berlin"]
[Date "2018.07.04"]
[Round "5.14"]
[White "Weber, Erwin"]
[Black "Kauschmann, Herbert"]
[Result "1/2-1/2"]
[WhiteElo "1982"]
[BlackElo "2162"]
[PlyCount "53"]
[EventDate "2018.06.30"]
[EventType "swiss"]
[EventRounds "9"]
[EventCountry "GER"]
[SourceTitle "WOOKS_2018_R5"]
[SourceDate "2018.07.04"]
[SourceVersion "1"]
[SourceVersionDate "2018.07.04"]
[SourceQuality "1"]
[WhiteTeam "SC Weisse Dame"]
[BlackTeam "BSC Rehberge 1945"]
[WhiteTeamCountry "GER"]
[BlackTeamCountry "GER"]

1. d4 g6 2. Bf4 Bg7 3. Nc3 d6 4. e4 a6 5. Qd2 Nd7 6. h4 h6 7. Be3 b5 8. h5 g5
9. f4 gxf4 10. Bxf4 e5 11. dxe5 dxe5 12. Bg3 Ngf6 13. Bh4 Bb7 14. O-O-O O-O 15.
Bd3 c5 16. Qe3 Qb6 17. Be2 Qe6 18. Rh3 b4 19. Nd5 Bxd5 20. exd5 Nxd5 21. Qd2
N5b6 22. Rg3 e4 23. Qf4 Kh8 24. Rd6 Nd5 25. Rxe6 Nxf4 26. Rxe4 Nxe2+ 27. Nxe2
1/2-1/2

[Event "Werner-Ott-Open Kreuzberger Sommer 2018"]
[Site "Berlin"]
[Date "2018.07.04"]
[Round "5.15"]
[White "Dathe, Frederick"]
[Black "Woerz, Markus"]
[Result "1/2-1/2"]
[WhiteElo "1895"]
[BlackElo "2007"]
[PlyCount "70"]
[EventDate "2018.06.30"]
[EventType "swiss"]
[EventRounds "9"]
[EventCountry "GER"]
[SourceTitle "WOOKS_2018_R5"]
[SourceDate "2018.07.04"]
[SourceVersion "1"]
[SourceVersionDate "2018.07.04"]
[SourceQuality "1"]
[WhiteTeam "SC Kreuzberg"]
[BlackTeam "SC Kreuzberg"]
[WhiteTeamCountry "GER"]
[BlackTeamCountry "GER"]

1. Nf3 Nf6 2. g3 c5 3. Bg2 Nc6 4. O-O d5 5. c4 d4 6. d3 e5 7. e3 Be7 8. exd4
exd4 9. Na3 Bg4 10. h3 Bf5 11. Nc2 O-O 12. b4 cxb4 13. a3 a5 14. axb4 Bxb4 15.
Ba3 Qd6 16. g4 Bg6 17. Nh4 Nd7 18. f4 f6 19. Nxg6 hxg6 20. Bd5+ Kh8 21. Qf3
Rae8 22. h4 Nb6 23. Be4 f5 24. Bxc6 bxc6 25. g5 Re7 26. h5 Kg8 27. Rf2 gxh5 28.
Qxh5 g6 29. Qf3 Kg7 30. Rh2 Rh8 31. Rxh8 Kxh8 32. Kg2 c5 33. Rh1+ Rh7 34. Rc1
Re7 35. Rh1+ Rh7 1/2-1/2

[Event "Werner-Ott-Open Kreuzberger Sommer 2018"]
[Site "Berlin"]
[Date "2018.07.04"]
[Round "5.16"]
[White "Rouditser, Benjamin"]
[Black "Silz, Elisa"]
[Result "0-1"]
[WhiteElo "1739"]
[BlackElo "1988"]
[PlyCount "46"]
[EventDate "2018.06.30"]
[EventType "swiss"]
[EventRounds "9"]
[EventCountry "GER"]
[SourceTitle "WOOKS_2018_R5"]
[SourceDate "2018.07.04"]
[SourceVersion "1"]
[SourceVersionDate "2018.07.04"]
[SourceQuality "1"]
[WhiteTeam "SVg Lasker Steglitz-Wilmersdorf"]
[BlackTeam "SV Empor Berlin"]
[WhiteTeamCountry "GER"]
[BlackTeamCountry "GER"]

1. d4 Nf6 2. c4 g6 3. Nc3 Bg7 4. e4 d6 5. f3 O-O 6. Be3 a6 7. Qd2 e6 8. g4 Ne8
9. Bd3 Nc6 10. Nge2 e5 11. dxe5 Nxe5 12. O-O Be6 13. Nd5 b5 14. cxb5 Bxd5 15.
exd5 Nxd3 16. Qxd3 axb5 17. Bd4 Qg5 18. Be3 Qe5 19. b3 Nf6 20. Rad1 Rfe8 21.
Kf2 Nxd5 22. Bd2 Qxh2+ 23. Ke1 Nc3 0-1

[Event "Werner-Ott-Open Kreuzberger Sommer 2018"]
[Site "Berlin"]
[Date "2018.07.04"]
[Round "5.17"]
[White "Woinowski, Michael"]
[Black "Thaer, Abdulkadhim Ismaeel"]
[Result "0-1"]
[WhiteElo "1788"]
[BlackElo "1952"]
[PlyCount "52"]
[EventDate "2018.06.30"]
[EventType "swiss"]
[EventRounds "9"]
[EventCountry "GER"]
[SourceTitle "WOOKS_2018_R5"]
[SourceDate "2018.07.04"]
[SourceVersion "1"]
[SourceVersionDate "2018.07.04"]
[SourceQuality "1"]
[WhiteTeam "SC Kreuzberg"]
[BlackTeam "SC Zugzwang 95"]
[WhiteTeamCountry "GER"]
[BlackTeamCountry "GER"]

1. e4 d6 2. d4 Nf6 3. Nc3 g6 4. f4 Bg7 5. Nf3 O-O 6. Bd3 c5 7. dxc5 dxc5 8. Be3
Qb6 9. Rb1 Ng4 10. Nd5 Qd6 11. Bd2 Rd8 12. O-O Nc6 13. h3 c4 14. hxg4 cxd3 15.
g5 Qc5+ 16. Be3 Qxc2 17. Qxc2 dxc2 18. Rbc1 Bxb2 19. Rxc2 Bg7 20. Nc7 Rb8 21.
Nb5 a6 22. Bb6 axb5 23. Bxd8 Nxd8 24. Rc5 Bd7 25. Rd1 Bc6 26. e5 Ne6 0-1

[Event "Werner-Ott-Open Kreuzberger Sommer 2018"]
[Site "Berlin"]
[Date "2018.07.04"]
[Round "5.18"]
[White "Rollwitz, Juergen"]
[Black "Guder, Sibylle"]
[Result "1/2-1/2"]
[WhiteElo "1949"]
[BlackElo "1750"]
[PlyCount "31"]
[EventDate "2018.06.30"]
[EventType "swiss"]
[EventRounds "9"]
[EventCountry "GER"]
[SourceTitle "WOOKS_2018_R5"]
[SourceDate "2018.07.04"]
[SourceVersion "1"]
[SourceVersionDate "2018.07.04"]
[SourceQuality "1"]
[WhiteTeam "SC Rochade"]
[BlackTeam "SF Berlin 1903"]
[WhiteTeamCountry "GER"]
[BlackTeamCountry "GER"]

1. d4 d5 2. Nf3 Nf6 3. e3 e6 4. Bd3 Bd6 5. b3 Nbd7 6. Bb2 O-O 7. O-O b6 8. Nbd2
Bb7 9. Ne5 a5 10. f4 Ne4 11. Nxe4 dxe4 12. Bc4 Ba6 13. Bxa6 Rxa6 14. Qe2 Ra8
15. a4 Nxe5 16. fxe5 1/2-1/2

[Event "Werner-Ott-Open Kreuzberger Sommer 2018"]
[Site "Berlin"]
[Date "2018.07.04"]
[Round "5.19"]
[White "Foerster, Jonas"]
[Black "Fock, Amina"]
[Result "1-0"]
[WhiteElo "2284"]
[BlackElo "1770"]
[PlyCount "55"]
[EventDate "2018.06.30"]
[EventType "swiss"]
[EventRounds "9"]
[EventCountry "GER"]
[SourceTitle "WOOKS_2018_R5"]
[SourceDate "2018.07.04"]
[SourceVersion "1"]
[SourceVersionDate "2018.07.04"]
[SourceQuality "1"]
[WhiteTeam "SV Empor Berlin"]
[BlackTeam "SC Zugzwang 95"]
[WhiteTeamCountry "GER"]
[BlackTeamCountry "GER"]

1. d4 f5 2. c4 Nf6 3. Nc3 g6 4. g3 Bg7 5. Bg2 O-O 6. Nh3 d6 7. d5 a5 8. O-O Na6
9. Nf4 Nc5 10. Be3 Qe8 11. Nb5 Na6 12. a3 Bd7 13. Nd4 Bh8 14. Nde6 Bxe6 15.
Nxe6 Rf7 16. Rb1 a4 17. Qc2 b6 18. Bd4 Nh5 19. Bxh8 Kxh8 20. f4 Ng7 21. e4 fxe4
22. Bxe4 Rc8 23. Rbd1 Nxe6 24. dxe6 Rf6 25. Bb7 Ra8 26. Bxa8 Qxa8 27. Qxa4 Rf8
28. b4 1-0

[Event "Werner-Ott-Open Kreuzberger Sommer 2018"]
[Site "Berlin"]
[Date "2018.07.04"]
[Round "5.20"]
[White "Wunderlich, Fabian"]
[Black "Jeremic, Dusan"]
[Result "0-1"]
[WhiteElo "1747"]
[BlackElo "2179"]
[PlyCount "72"]
[EventDate "2018.06.30"]
[EventType "swiss"]
[EventRounds "9"]
[EventCountry "GER"]
[SourceTitle "WOOKS_2018_R5"]
[SourceDate "2018.07.04"]
[SourceVersion "1"]
[SourceVersionDate "2018.07.04"]
[SourceQuality "1"]
[BlackTeam "SF Berlin 1903"]
[BlackTeamCountry "GER"]

1. e4 e5 2. Nf3 Nc6 3. d4 exd4 4. Bc4 Nf6 5. e5 d5 6. Bb5 Ne4 7. Nxd4 Bd7 8.
Bxc6 bxc6 9. O-O Be7 10. f3 Nc5 11. Be3 O-O 12. Nd2 Na4 13. b3 Nc3 14. Qe1 c5
15. Ne2 Nxe2+ 16. Qxe2 Bf5 17. Rac1 f6 18. exf6 Rxf6 19. g4 Bg6 20. Bg5 Rf7 21.
Bxe7 Rxe7 22. Qb5 Qd6 23. Rf2 Rae8 24. Nf1 a6 25. Qa5 h5 26. Ng3 h4 27. Nf1 Re2
28. Qc3 Kh7 29. Rd1 d4 30. Qc4 Qe5 31. Rd2 Re1 32. Qxa6 h3 33. a4 Qe3 34. Rde2
Rxf1+ 35. Kxf1 Qc1+ 36. Re1 Rxe1# 0-1